00610 2200181 4500245004100000020001800041250001100059100002000070700001300090650001600103005001900119260003000138041001400168084000800182300002900190500020000219336000900419 aRahasia HujancAdham T. FusamahText a979-795-857-4 aCet. 1 aAdham T. Fusama aJ. Fisca aNovel Fiksi a20240520091057 aJakartabMoka Mediac2014 aIndonesia a813 aviii, 272 hlm. :c19 cm. aSekolah Pandu kedatangan murid baru dari Jepang, seorang anak pendiam yang misterius. Sebagai teman sebangku, Pandu merasa harus bersikap ramah, meski Anggi- si murid baru- terus bersikap dingin. atext